| 000 | 01133nam a2200289Ia 4500 | ||
|---|---|---|---|
| 001 | ebr10074986 | ||
| 003 | CaPaEBR | ||
| 006 | m u | ||
| 007 | cr cn||||||||| | ||
| 008 | 050203s2005 dcu sb 001 0 eng d | ||
| 010 | _z 2005043249 | ||
| 020 | _z082136085X | ||
| 040 |
_aCaPaEBR _cCaPaEBR |
||
| 035 | _a(OCoLC)70737582 | ||
| 050 | 1 | 4 |
_aHD1417 _b.A367 2005eb |
| 082 | 0 | 4 |
_a332.67/22 _222 |
| 245 | 0 | 0 |
_aAgriculture investment sourcebook _h[electronic resource]. |
| 260 |
_aWashington, DC : _bWorld Bank, _c2005. |
||
| 300 | _axxiv, 508 p. | ||
| 504 | _aIncludes bibliographical references and index. | ||
| 533 |
_aElectronic reproduction. _bPalo Alto, Calif. : _cebrary, _d2009. _nAvailable via World Wide Web. _nAccess may be limited to ebrary affiliated libraries. |
||
| 650 | 0 |
_aAgricultural development projects _zDeveloping countries. |
|
| 650 | 0 |
_aAgriculture _xEconomic aspects _zDeveloping countries. |
|
| 655 | 7 |
_aElectronic books. _2local |
|
| 710 | 2 | _aebrary, Inc. | |
| 856 | 4 | 0 |
_uhttp://site.ebrary.com/lib/rucke/Doc?id=10074986 _zAn electronic book accessible through the World Wide Web; click to view |
| 999 |
_c154378 _d154378 |
||